000
00257nam a22001217a 4500
008
171024b xxu||||| |||| 00| 0 eng d
041
_a
eng
080
_a
311
100
_a
55
101
_a
STA
245
_a
STATISTICAL INFERENCE
_c
LEV.J
942
_2
udc
_c
BK
999
_c
35700
_d
35700